00305nam a2200097Ia 4500008004100000082001600041100002400057245007600081260004100157300000900198210430s9999 xx 000 0 und d a332M67811 E aFrederic S. Mishkin 4aThe economics Money, Banking and Financial MarketscFrederic S. Mishkin aIslamabadbFrederic S. Mishkinc2003 a737p